Statistics for 1957 year quiz

Click here to take the quiz!

General Stats

  • This quiz has been taken 28 times
  • The average score is 4 of 10

Answer Stats

HintAnswer% Correct
A meeting of two schoolboys will lead to this super bandThe Beatles
84%
Japanese and American scientists propose this way to concentrate lightLaser
64%
This chainsmoking film noir icon diesHumphrey Bogart
56%
This dog is blasted into spaceLaika
52%
Kwame Nkrumah leads this country to independence from colonial ruleGhana
48%
National Guard mobilised to stop school integration hereArkansas
32%
This trade club formsEuropean Economic Community
32%
First introduction of a wristwatch powered by thisElectricity
24%
This wartime drama sweeps the OscarsThe Bridge on the River Kwai
24%
This pandemic kills 150 million peopleAsian flu
16%

Score Distribution

Percentile by Number Answered

Percent of People with Each Score

Your Score History

You have not taken this quiz